| 000 | 00542 a2200157 4500 | ||
|---|---|---|---|
| 000 | BKB | ||
| 001 | 068573 | ||
| 005 | 20200902150111.0 | ||
| 008 | |||
| 082 |
_a420.72 _bC54S |
||
| 100 | 1 | _aClark, Urszula | |
| 245 | 1 |
_aStudying language _cby Urszula Clark |
|
| 260 |
_aNew York _bPalgrave _c2007 |
||
| 300 | _a186p. | ||
| 690 | _aEnglish language--Discourse analysis; Sociolinguistics; English language--Rhetoric; English language--Variation; English language--Context; English language--Usage | ||
| 999 |
_c2229 _d2229 |
||